| 000 | 01232cam a22002175a 4500 | ||
|---|---|---|---|
| 001 | L149140 | ||
| 008 | 100115s2009 xxk 000 0 eng d | ||
| 035 | _a(Sirsi) u149140 | ||
| 041 | 0 | _aeng | |
| 100 | 1 | _aMcAllister, Pat | |
| 245 | 0 | 0 | _aAssessing the valuation implications of the eco-labelling of commercial property assets |
| 260 | _c2009 | ||
| 490 | 0 |
_aJournal of Retail and Leisure Property _v8(4) November 2009, 311-322(12) |
|
| 520 | _aEvaluates the valuation issues raised by the voluntary and mandatory eco-labelling of commercial property assets. There are difficulties in incorporating the potential price effects of sustainable characteristics into property valuations and the evidence base to estimate price differentials between eco-labelled and non-labelled buildings is lacking but as the market penetration of eco-labels increases, valuers are more likely to be able to obtain evidence of price effects. Notes. References. | ||
| 590 | _aKA | ||
| 651 | 4 | _aUnited Kingdom | |
| 690 | _aPROPERTY-COMMERCIAL PROPERTY | ||
| 690 | _aPROPERTY-PROPERTY VALUATION AND APPRAISAL | ||
| 856 | 4 | 8 |
_uhttps://www.rics.org/profession-standards/knowledge-and-information-services _zHow to access eJournals |
| 942 |
_n0 _2ddc |
||
| 999 |
_c82074 _d82074 |
||